Harry Potter: Chapters in Order - Book 2 Quiz Stats

 Plays Quiz Updated Jul 25, 2017

Support Sporcle.
Go Orange.
Score 0/18 Timer 05:00
5 Plays Today
% Correct
???
100%
???
89.4%
???
83.7%
???
78.9%
???
66.9%
???
60.7%
???
43.7%
???
33.3%
???
27.2%
% Correct
???
20%
???
16.8%
???
13.3%
???
10.2%
???
7.9%
???
7.7%
???
7.3%
???
7.3%
???
7.2%

You're not logged in!

Compare scores with friends on all Sporcle quizzes.
OR
Log In
Forgot?

From the Vault

Mastermind VII

by goc3

Sorry, this won't give you a bunch of extra brain cells. Fun game, though.
Remove Ads.
Support Sporcle.
Get the best of Sporcle when you Go Orange. This ad-free experience offers more features, more stats, and more fun while also helping to support Sporcle. Thank you for becoming a member.

Show Comments

Extras

Top Quizzes Today


Score Distribution

Your Account Isn't Verified!

In order to create a playlist on Sporcle, you need to verify the email address you used during registration. Go to your Sporcle Settings to finish the process.

Report this User

Report this user for behavior that violates our Community Guidelines.

Details: